<?xml version="1.0" encoding="UTF-8"?>
<record
    xmlns:xsi="http://www.w3.org/2001/XMLSchema-instance"
    xsi:schemaLocation="http://www.loc.gov/MARC21/slim http://www.loc.gov/standards/marcxml/schema/MARC21slim.xsd"
    xmlns="http://www.loc.gov/MARC21/slim">

  <leader>01231nam a22002537a 4500</leader>
  <datafield tag="999" ind1=" " ind2=" ">
    <subfield code="c">22644</subfield>
    <subfield code="d">22644</subfield>
  </datafield>
  <controlfield tag="003">AR-CdUCM</controlfield>
  <controlfield tag="008">190427b           ||||| |||| 00| 0 spa d</controlfield>
  <datafield tag="020" ind1=" " ind2=" ">
    <subfield code="a">9786124294259</subfield>
  </datafield>
  <datafield tag="040" ind1=" " ind2=" ">
    <subfield code="a">MUNICIPALIDAD PROVINCIAL DEL CUSCO</subfield>
    <subfield code="c">BIBLIOTECA MUNICIPAL DEL CUSCO</subfield>
  </datafield>
  <datafield tag="082" ind1=" " ind2=" ">
    <subfield code="a">828.78/S46</subfield>
    <subfield code="b">S46</subfield>
  </datafield>
  <datafield tag="100" ind1=" " ind2=" ">
    <subfield code="a">Shelley, Percy Bysshe</subfield>
  </datafield>
  <datafield tag="245" ind1=" " ind2=" ">
    <subfield code="a">Prometeo libertado /</subfield>
    <subfield code="c">Percy Bysshe Shelley ; estudio y traducci&#xF3;n en el mismo n&#xFA;mero de versos que el original por Ricardo Silva-Santisteban ; ilustraciones de John Farleigh</subfield>
  </datafield>
  <datafield tag="260" ind1=" " ind2=" ">
    <subfield code="a">Lima :</subfield>
    <subfield code="b">Alastor Editores,</subfield>
    <subfield code="c">2021.</subfield>
  </datafield>
  <datafield tag="300" ind1=" " ind2=" ">
    <subfield code="a">281 p&#xE1;ginas:</subfield>
    <subfield code="b">ilustraciones en color, retrato ;</subfield>
    <subfield code="c">25 cm.</subfield>
  </datafield>
  <datafield tag="440" ind1=" " ind2=" ">
    <subfield code="a">La fuente escondida ;</subfield>
    <subfield code="n">30</subfield>
    <subfield code="9">48740</subfield>
  </datafield>
  <datafield tag="500" ind1=" " ind2=" ">
    <subfield code="z">Bibliograf&#xED;a: p&#xE1;ginas 257-279.</subfield>
  </datafield>
  <datafield tag="650" ind1=" " ind2=" ">
    <subfield code="a">Poes&#xED;as inglesas</subfield>
    <subfield code="9">21664</subfield>
  </datafield>
  <datafield tag="650" ind1=" " ind2=" ">
    <subfield code="a">Siglo XIX</subfield>
    <subfield code="9">48741</subfield>
  </datafield>
  <datafield tag="650" ind1=" " ind2=" ">
    <subfield code="a">Traducciones al espa&#xF1;ol</subfield>
    <subfield code="9">1053</subfield>
  </datafield>
  <datafield tag="700" ind1=" " ind2=" ">
    <subfield code="a">Silva Santisteban, Ricardo</subfield>
    <subfield code="e">traductor</subfield>
    <subfield code="9">1706</subfield>
  </datafield>
  <datafield tag="700" ind1=" " ind2=" ">
    <subfield code="a">Farleigh, John</subfield>
    <subfield code="e">ilustrador</subfield>
    <subfield code="9">48742</subfield>
  </datafield>
  <datafield tag="942" ind1=" " ind2=" ">
    <subfield code="2">ddc</subfield>
    <subfield code="c">LIBROS</subfield>
  </datafield>
  <datafield tag="945" ind1=" " ind2=" ">
    <subfield code="a">rac</subfield>
  </datafield>
  <datafield tag="952" ind1=" " ind2=" ">
    <subfield code="0">0</subfield>
    <subfield code="2">ddc</subfield>
    <subfield code="4">0</subfield>
    <subfield code="7">0</subfield>
    <subfield code="a">SH</subfield>
    <subfield code="b">SH</subfield>
    <subfield code="c">CART</subfield>
    <subfield code="d">2022-12-07</subfield>
    <subfield code="e">Donaci&#xF3;n</subfield>
    <subfield code="g">20.00</subfield>
    <subfield code="o">828.78/S46</subfield>
    <subfield code="p">SH0000016481</subfield>
    <subfield code="r">2022-12-07</subfield>
    <subfield code="y">LIBROS</subfield>
  </datafield>
</record>
